000
00293nam a22001337a 4500
008
260212b ||||| |||| 00| 0 eng d
020
_a
9788861823686
041
_a
ital
080
_a
0.2
100
_a
20
101
_a
ital
245
_a
Amore E Cappuccino
_c
Valeria Blasi
942
_2
lcc
_c
BK
999
_c
60792
_d
60792